| 000 | 00689nam a2200229Ii 4500 | ||
|---|---|---|---|
| 003 | JO-AjNU | ||
| 008 | 230605s9999||||xx |||||||||||||| ||und|| | ||
| 017 | _a1989/350 | ||
| 040 |
_aJO-AjNU _bara _erda _cJO-AjNU |
||
| 041 | _aara | ||
| 050 | 1 | 4 | _aPJ7830.T3.U32 1989 |
| 100 | 3 |
_aتأليف توفيق، حسن, _eauthor _945433 |
|
| 245 | 0 | 0 | _aأحب أن أقول لا |
| 250 | _aط2 | ||
| 264 | 3 | 1 | _aالدوحة:الشاعر،1989 |
| 300 | _a94ص | ||
| 336 |
_atext _btxt _2rdacontent |
||
| 337 |
_aunmediated _bn _2rdamedia |
||
| 338 |
_avolume _bnc _2rdacarrier |
||
| 490 | 0 | _aالأعمال الشعرية الغير كاملة (2) | |
| 650 | 4 |
_aالشعر العربي _945434 |
|
| 999 |
_aA19694 _c23262 _d23262 |
||